Almanaque literario del Museo Universal. (Record no. 2629)

MARC details
000 -LEADER
campo de control de longitud fija 01081nas a2200313 i 4500
001 - NÚMERO DE CONTROL
campo de control 2629
003 - IDENTIFICADOR DE NÚMERO DE CONTROL
campo de control ES-MaACL
005 - FECHA Y HORA DE LA ÚLTIMA TRANSACCIÓN
campo de control 20250709062524.0
007 - CAMPO FIJO DE DESCRIPCIÓN FÍSICA--INFORMACIÓN GENERAL
campo de control de longitud fija t|
008 - DATOS DE LONGITUD FIJA--INFORMACIÓN GENERAL
campo de control de longitud fija 950801d18581869sp ar m 0 1 |spa d
022 ## - NÚMERO INTERNACIONAL NORMALIZADO PARA PUBLICACIONES SERIADAS
Número Internacional Normalizado para Publicaciones Seriadas 1889-8467
080 ## - NÚMERO DE LA CLASIFICACIÓN DECIMAL UNIVERSAL
Número de la Clasificación Decimal Universal (059)(460)"18"
245 00 - MENCIÓN DEL TÍTULO
Título Almanaque literario del Museo Universal.
246 33 - FORMA VARIANTE DEL TITULO
Título propio/Titulo breve Almanaque de El Museo Universal
260 ## - PUBLICACIÓN, DISTRIBUCIÓN, ETC.
Lugar de publicación, distribución, etc. Madrid :
Nombre del editor, distribuidor, etc. Imp. de Gaspar y Roig,
Fecha de publicación, distribución, etc. 1858-[1869]
300 ## - DESCRIPCIÓN FÍSICA
Extensión v. :
Otras características físicas il. ;
Dimensiones 21 cm.
310 ## - PERIODICIDAD ACTUAL
Periodicidad actual Anual
530 ## - NOTA DISPONIBLE DE FORMULARIO FÍSICO ADICIONAL
Nota de formato físico adicional disponible Disponible en formato digital.
780 00 - ENLACE A UN TÍTULO/ENTRADA ANTERIOR
Título Calendario del Museo Universal =
Número Internacional Normalizado para Publicaciones Seriadas ISSN 1889-8459
787 0# - ENTRA/ENLACE A OTRAS RELACIONES
Título El Museo universal =
Número Internacional Normalizado para Publicaciones Seriadas ISSN 1889-8440.
852 ## - LOCALIZACIÓN
Ubicación ES-MaACL
Número de control de estantería Fol-Laf-356-57
Nota libre (1865, 1867)
852 ## - LOCALIZACIÓN
Ubicación ES-MaACL
Número de control de estantería T-213-F-1
Nota libre (1860)
852 ## - LOCALIZACIÓN
Ubicación ES-MaACL
Número de control de estantería T-740-F-1
Nota libre (1868)
852 ## - LOCALIZACIÓN
Ubicación ES-MaACL
Número de control de estantería T-423-F-12-15
Nota libre .- Años 1861-1863 1865
856 ## - LOCALIZACIÓN Y ACCESO ELECTRÓNICOS
Identificador Uniforme de Recursos <a href="http://prensahistorica.mcu.es/es/consulta/registro.cmd?id=1029130">http://prensahistorica.mcu.es/es/consulta/registro.cmd?id=1029130</a>
Nota pública Biblioteca Virtual de Prensa Histórica
866 #0 - MENCIÓN TEXTUAL DE FONDOS--UNIDAD BIBLIOGRÁFICA BÁSICA
Fondos 1860-1863, 1865,1867-1868.
942 ## - ELEMENTOS DE ENTRADA SECUNDARIOS (KOHA)
Fuente del sistema de clasificación o colocación Clasificación decimal universal
Tipo de ítem Koha Revista
Holdings
Estatus retirado Estado de pérdida Fuente del sistema de clasificación o colocación Estado de daño No para préstamo Colección Biblioteca de origen Biblioteca actual Ubicación en estantería Fecha de adquisición Total de préstamos Signatura topográfica completa Código de barras Visto por última vez Precio de reemplazo Tipo de ítem Koha
    Clasificación decimal universal     Colección de folletos Biblioteca del Ateneo de Madrid Biblioteca del Ateneo de Madrid Depósito folletos 29/10/2014   T-740-F-1 1193309 23/02/2023 23/02/2023 Folleto
    Clasificación decimal universal     Periódicos y Revistas Biblioteca del Ateneo de Madrid Biblioteca del Ateneo de Madrid Depósito folletos 17/01/2008   Fol-Laf-356-57 1002673 23/02/2023 23/02/2023 Revista
    Clasificación decimal universal     Periódicos y Revistas Biblioteca del Ateneo de Madrid Biblioteca del Ateneo de Madrid Depósito folletos 08/10/2014   T-213-F-1 1193185 23/02/2023 23/02/2023 Revista
    Clasificación decimal universal     Periódicos y Revistas Biblioteca del Ateneo de Madrid Biblioteca del Ateneo de Madrid Depósito folletos 09/06/2017   T-423-F-12-15 1197713 23/02/2023 23/02/2023 Revista